Fundamentos y reflexiones de la teora̕ contable

Bibliographic Details
Format: eBook
Language:Spanish
Published: Bogot:̀ Ediciones de la U, 2019
Subjects:
Online Access:Acceso restringido

MARC

LEADER 00000nam a22000007a 4500
005 2019121606586.0
007 cr|||| ||||
008 191216s2019 co |||||s|||| 00||0 spa d
020 |a 978-958-792-089-5 
035 |a 30883 
040 |a vLex 
090 |c 10072  |d 10072 
245 0 0 |a Fundamentos y reflexiones de la teora̕ contable  |h [Recurso electrn̤ico] / 
256 |a Servicio en ln̕ea 
260 |a Bogot:̀  |b Ediciones de la U,  |c 2019 
300 |a 1 recurso electrn̤ico 
506 1 |a Disponible solo en los productos indicados  |d vLex Global  |d vLex Global (Academic Edition, excluding Law Schools)  |d vLex Global (U.S. Academic Edition, Law Schools)  |d vLex Global (U.S. Academic Edition, excluding Law Schools)  |d vLex Global (Academic Edition, Law Schools) 
650 0 4 |a Contabilidad  |z Colombia 
740 0 |a vLex Libros (Servicio en ln̕ea) 
856 4 0 |u http://vlex.com/source/fundamentos-reflexiones-teoria-contable-30883  |z Acceso restringido 
942 |c BOOK 
999 0 |a Accounting